Chuyển đến nội dung

Логистика. Управление цепями поставок учебное пособие для спо

В учебном пособии изложены основные вопросы управления цепями поставок. Описаны конфигурация логистической сети, бизнес-процессы, интеграция и оптимизация в цепях поставок. Приведены методики контроллинга, планирования и проектирования цепей поставок. Рассмотрены экономическая эффективность при упра...

Mô tả đầy đủ

Đã lưu trong:
Chi tiết về thư mục
Tác giả chính: Левкин, Г. Г. (070)
Định dạng: Книга
Những chủ đề:
Truy cập trực tuyến:Перейти к просмотру издания
Các nhãn: Thêm thẻ
Không có thẻ, Là người đầu tiên thẻ bản ghi này!
LEADER 02999nam0a2200397 4500
001 RU/IPR SMART/140607
856 4 |u https://www.iprbookshop.ru/140607.html  |z Перейти к просмотру издания 
801 1 |a RU  |b IPR SMART  |c 20250903  |g RCR 
010 |a 978-5-4488-2091-5, 978-5-4497-3142-5 
205 |a Логистика. Управление цепями поставок  |b Весь срок охраны авторского права 
333 |a Весь срок охраны авторского права 
100 |a 20250903d2024 k y0rusy01020304ca 
105 |a y j 000zy 
101 0 |a rus 
102 |a RU 
200 1 |a Логистика. Управление цепями поставок  |e учебное пособие для спо  |f Г. Г. Левкин, Д. И. Заруднев 
700 1 |a Левкин,   |b Г. Г.  |4 070 
701 1 |a Заруднев,   |b Д. И.  |4 070 
330 |a В учебном пособии изложены основные вопросы управления цепями поставок. Описаны конфигурация логистической сети, бизнес-процессы, интеграция и оптимизация в цепях поставок. Приведены методики контроллинга, планирования и проектирования цепей поставок. Рассмотрены экономическая эффективность при управлении цепями поставок, управление рисками и обратными материальными потоками. Подготовлено с учетом требований Федерального государственного образовательного стандарта среднего профессионального образования. Учебное пособие предназначено для студентов, обучающихся по укрупненной группе специальностей «Экономика и управление», изучающих дисциплины «Логистика», «Управление цепями поставок». 
210 |a Саратов, Москва  |c Профобразование, Ай Пи Ар Медиа  |d 2024 
610 1 |a логистика 
610 1 |a цепи поставок 
610 1 |a логистическая сеть 
610 1 |a контроллинг 
610 1 |a материальные потоки 
610 1 |a экономическая эффективность 
610 1 |a риски 
675 |a 658 
686 |a 65.40  |2 rubbk 
300 |a Книга находится в премиум-версии IPR SMART. 
106 |a s 
230 |a Электрон. дан. (1 файл) 
336 |a Текст 
337 |a электронный 
503 0 |a Доступна эл. версия. IPR SMART 
215 |a 102 с. 
Cannot write session to /tmp/vufind_sessions/sess_1o8if80hs2t5kl20ipd0f0eegr